Canta Irlanda. Un viaje por la Isla Esmeralda.

Salvato in:
Dettagli Bibliografici
Autore principale: Reverte, Javier (autor)
Natura: Libro
Pubblicazione: Barcelona, España: Penguin Random House; Plaza & Janés, 2014.
Edizione:Segunda edición.
Soggetti:
Tags: Aggiungi Tag
Nessun Tag, puoi essere il primo ad aggiungerne!!

MARC

LEADER 00000nam a22000007a 4500
003 CL-VaPUC
005 20240508161323.0
008 240423t2014 ||||| |||| 00| 0 eng d
999 |c 443588  |d 443586 
020 |a 978-84-01-34687-3 
040 |c Pontificia Universidad Católica de Valparaíso 
082 7 |2 22  |a 914.1504 REV 2014 
100 |a Reverte, Javier  |9 470488  |e autor 
245 |a Canta Irlanda.   |b Un viaje por la Isla Esmeralda. 
250 |a Segunda edición. 
260 |a Barcelona, España:  |b Penguin Random House;  |b Plaza & Janés,  |c 2014. 
300 |a 376 páginas. 
500 |a c.1. Donación Ricardo Iglesias. Memo HIS/05. 09-4-2024 
583 |c 20240423  |k Catalogador Asistente 
650 0 |9 888728  |a Literatura de viajes española  |z Irlanda 
942 |2 ddc  |c BK 
952 |0 0  |1 0  |2 ddc  |4 0  |6 914_150400000000000_REV_2014  |7 0  |8 A  |9 594166  |a BIBHIS  |b BIBHIS  |d 2024-04-23  |e Donación  |i 5660728  |o 914.1504 REV 2014  |p 5660728  |r 2025-01-20  |t 1  |w 2024-04-23  |y BK  |k HIS